Biggest Cities in Countries by First Letter-E - Statistics

General Stats
  • This quiz has been taken 32 times
  • The average score is 8 of 20
Answer Stats
Hint Answer % Correct
5,808,000 Alexandria
97%
23,074,000 Cairo
97%
2,017,000 Quito
90%
5,958,000 Addis Ababa
87%
1,132,000 San Salvador
87%
3,245,000 Guayaquil
81%
1,152,000 Asmara
68%
809,000 Port Said
61%
699,000 Suez
48%
507,000 Dire Dawa
23%
540,000 Faiyum
16%
540,000 Tanta
16%
607,000 Mansoura
13%
496,000 Asyut
10%
637,000 Mekele
10%
479,000 San Miguel
6%
460,000 Zagazig
6%
556,000 El-Mahalla El-Kubra
3%
487,000 Khusus
3%
467,000 Nazret
0%
No matching quizzes found
Score Distribution
Percent of People with Each Score
Percentile by Number Answered
Your Score History
You have not taken this quiz